Compañía de la Unión Ferro-Carbón, emprresa (sic) de fundición por medio de altos hornos, domiciliada en Madrid ... (Record no. 47232)
[ view plain ]
| 000 -LEADER | |
|---|---|
| campo de control de longitud fija | 01032nam a2200205 i 4500 |
| 001 - NÚMERO DE CONTROL | |
| campo de control | 47232 |
| 003 - IDENTIFICADOR DE NÚMERO DE CONTROL | |
| campo de control | ES-MaACL |
| 005 - FECHA Y HORA DE LA ÚLTIMA TRANSACCIÓN | |
| campo de control | 20230906161526.0 |
| 007 - CAMPO FIJO DE DESCRIPCIÓN FÍSICA--INFORMACIÓN GENERAL | |
| campo de control de longitud fija | t| |
| 008 - DATOS DE LONGITUD FIJA--INFORMACIÓN GENERAL | |
| campo de control de longitud fija | 190514s1847 sp ||||1|dspa d |
| 110 2# - ENTRADA PRINCIPAL--NOMBRE DE ENTIDAD CORPORATIVA | |
| Nombre de entidad corporativa o nombre de jurisdicción como elemento de entrada | Compañía de la Unión Ferro-Carbón (Madrid) |
| 9 (RLIN) | 167020 |
| 245 10 - MENCIÓN DEL TÍTULO | |
| Título | Compañía de la Unión Ferro-Carbón, emprresa (sic) de fundición por medio de altos hornos, domiciliada en Madrid ... |
| 260 ## - PUBLICACIÓN, DISTRIBUCIÓN, ETC. | |
| Lugar de publicación, distribución, etc. | [S.l.] : |
| Nombre del editor, distribuidor, etc. | [s.n.], |
| Fecha de publicación, distribución, etc. | 1847 ( |
| Lugar de fabricación/manufactura | Madrid : |
| Fabricante | Imp. de José C. de la Peña) |
| 300 ## - DESCRIPCIÓN FÍSICA | |
| Extensión | 79 p., 1 h. de lám. pleg. ; |
| Dimensiones | 19 cm. |
| 530 ## - NOTA DISPONIBLE DE FORMULARIO FÍSICO ADICIONAL | |
| Nota de formato físico adicional disponible | Disponible en formato digital. |
| 610 24 - PUNTO DE ACCESO ADICIONAL DE MATERIA--NOMBRE DE ENTIDAD CORPORATIVA | |
| Nombre de entidad corporativa o nombre de jurisdicción como elemento de entrada | Compañía de la Unión Ferro-Carbón (Madrid) |
| 9 (RLIN) | 167020 |
| 650 #4 - PUNTO DE ACCESO ADICIONAL DE MATERIA--TÉRMINO DE MATERIA | |
| Término de materia o nombre geográfico como elemento de entrada | Minas de carbón- |
| Subdivisión geográfica | Córdoba (Provincia) |
| 9 (RLIN) | 167021 |
| 852 ## - LOCALIZACIÓN | |
| Ubicación | ES-MaACL |
| Número de control de estantería | B-8924(31) |
| Nota libre | .- Legado de Federico de Botella y de Hornos |
| -- | .- Encuadernado en un vol. facticio agrupado con el nombre en el lomo: España, geología, memorias y documentos varios 1 a 8 |
| 856 ## - LOCALIZACIÓN Y ACCESO ELECTRÓNICOS | |
| Identificador Uniforme de Recursos | <a href="http://bdh-rd.bne.es/viewer.vm?id=0000072982&page=1 ">http://bdh-rd.bne.es/viewer.vm?id=0000072982&page=1 </a> |
| Nota pública | Biblioteca Digital Hispánica |
| Estatus retirado | Estado de pérdida | Estado de daño | No para préstamo | Colección | Biblioteca de origen | Biblioteca actual | Ubicación en estantería | Fecha de adquisición | Fuente de adquisición | Total de préstamos | Signatura topográfica completa | Código de barras | Visto por última vez | Precio de reemplazo | Tipo de ítem Koha |
|---|---|---|---|---|---|---|---|---|---|---|---|---|---|---|---|
| Colección digital | Biblioteca del Ateneo de Madrid | Biblioteca del Ateneo de Madrid | Sala Pardo Bazán | 14/05/2019 | B-8924(31) | 1200516 | 23/02/2023 | 23/02/2023 | Libro impreso antiguo |
